Monitoring of regulated purpose valuations (Record no. 116937)
[ view plain ]
| 000 -LEADER | |
|---|---|
| fixed length control field | 01181cam a2200229 4500 |
| 001 - CONTROL NUMBER | |
| control field | WB4002-17 |
| 008 - FIXED-LENGTH DATA ELEMENTS--GENERAL INFORMATION | |
| fixed length control field | 040114n2004 000 0 eng u |
| 035 ## - SYSTEM CONTROL NUMBER | |
| System control number | (Sirsi) u124845 |
| 245 ## - TITLE STATEMENT | |
| Title | Monitoring of regulated purpose valuations |
| 260 ## - PUBLICATION, DISTRIBUTION, ETC. | |
| Date of publication, distribution, etc. | 2004 |
| 490 ## - SERIES STATEMENT | |
| Series statement | RICS Feature |
| Volume/sequential designation | 13 January 2004 (3) |
| 520 ## - SUMMARY, ETC. | |
| Summary, etc. | Monitoring of Regulated Purpose Valuations undertaken by RICS will begin this year. This initiativeemerged out of the Carsberg report and aims to maintain high levels of transparency and consumer confidence in the work of RICS valuers. Includes frequently asked questions about this issue which consist of why the RICS is planning to monitor members in this way, how does it decide who to monitor and what the disciplinary ramifications are from this process. For the RICS Feature: http://www.rics.org/ricscms/bin/show?class=Feature &template=/includes/showfeature.html&id=947 |
| 590 ## - LOCAL NOTE (RLIN) | |
| Local note | WB |
| 590 ## - LOCAL NOTE (RLIN) | |
| Local note | WB |
| 650 ## - SUBJECT ADDED ENTRY--TOPICAL TERM | |
| Topical term or geographic name entry element | VALUATION STANDARDS |
| 650 ## - SUBJECT ADDED ENTRY--TOPICAL TERM | |
| Topical term or geographic name entry element | CARSBERG RECOMMENDATIONS |
| 650 ## - SUBJECT ADDED ENTRY--TOPICAL TERM | |
| Topical term or geographic name entry element | CONSUMER CONFIDENCE |
| 650 ## - SUBJECT ADDED ENTRY--TOPICAL TERM | |
| Topical term or geographic name entry element | FINANCIAL STATEMENTS |
| 650 ## - SUBJECT ADDED ENTRY--TOPICAL TERM | |
| Topical term or geographic name entry element | DISCIPLINARY ACTION |
| 690 ## - LOCAL SUBJECT ADDED ENTRY--TOPICAL TERM (OCLC, RLIN) | |
| Topical term or geographic name as entry element | VALUATION AND INVESTMENT APPRAISAL |
| 942 ## - ADDED ENTRY ELEMENTS (KOHA) | |
| Suppress in OPAC | 0 |
| Withdrawn status | Lost status | Source of classification or shelving scheme | Damaged status | Not for loan | Home library | Current library | Shelving location | Date acquired | Total Checkouts | Full call number | Barcode | Date last seen | Copy number | Price effective from | Koha item type |
|---|---|---|---|---|---|---|---|---|---|---|---|---|---|---|---|
| Dewey Decimal Classification | London | London | News article | 14/01/2004 | WB4002-17 | 124845-1001 | 06/08/2019 | 1 | 06/08/2019 | News article |